000
00247nam a2200097Ia 4500
008
240331s9999 xx 000 0 und d
082
_b
DEA
100
_a
De Alwis,M
245
0
_a
Mutthukkalai veesudel illangail pengalin wakkurimai iyekkam
942
_c
L
999
_c
1562
_d
1562